000 00318nam a2200157Ia 4500
100 _aCary/ Howard B.
250 _a3
942 _cBK
654 _aWelding
245 _aModern Welding technology
260 _bprentice hall
_c1994
082 _a671.521
_bCAR
300 _a767
546 _aENGLISH
999 _c22160
_d22160